000 00679nam a2200229 i 4500
001 bg
100 1 _aKURZYŃSKI, Marek
245 1 0 _aRozpoznawanie obiektów :
_bmetody statystyczne /
_cMarek Kurzyński.
260 _aWrocław :
_bOficyna Wydaw. Politechniki Wrocławskiej,
_c1997.
300 _a250 s. :
_brys., wykr. ;
_c24 cm.
504 _aBibliogr. s. 243-248. - Indeks.
650 9 _aRozpoznawanie obiektów
_xmetody
650 9 _aAlgorytmy
_xstosowanie
655 _aPodręczniki akademickie
020 _a8370852793
040 _cBPK
041 0 _apl
080 _a004.8
920 _a83-7085-279-3
942 _cKS
008 s pl f |000 0 pol
999 _c32737
_d32737
856 _uhttp://koha.tu.koszalin.pl/cgi-bin/koha/opac-detail.pl?biblionumber=32737
_yKatalog online BPK